UBT Library

The biomechanics of sports techniques / (Record no. 42282)

000 -LEADER
fixed length control field 00573pam a2200217 i 4500
001 - CONTROL NUMBER
control field 2720944
005 - DATE AND TIME OF LATEST TRANSACTION
control field 20180212032456.0
008 - FIXED-LENGTH DATA ELEMENTS--GENERAL INFORMATION
fixed length control field 770928s1978 njua b 001 0 eng
010 ## - LIBRARY OF CONGRESS CONTROL NUMBER
LC control number 77015607
020 ## - INTERNATIONAL STANDARD BOOK NUMBER
International Standard Book Number 0130771643
040 ## - CATALOGING SOURCE
Original cataloging agency DLC
Transcribing agency DLC
Modifying agency DLC
041 ## - LANGUAGE CODE
Language code of text/sound track or separate title eng
080 ## - UNIVERSAL DECIMAL CLASSIFICATION NUMBER
Universal Decimal Classification number 612.76 jam
082 00 - DEWEY DECIMAL CLASSIFICATION NUMBER
Classification number 612.76 jam
100 1# - Rafti
Rafti 3
101 ## - Shkurtesa
Shkurtesa shm,
245 14 - TITLE STATEMENT
Title The biomechanics of sports techniques /
Statement of responsibility, etc James G. Hay.
504 ## - BIBLIOGRAPHY, ETC. NOTE
Bibliography, etc Includes bibliographical references and index.
906 ## - LOCAL DATA ELEMENT F, LDF (RLIN)
a 7
b cbc
c orignew
d 1
e ocip
f 19
g y-gencatlg
942 ## - ADDED ENTRY ELEMENTS (KOHA)
Source of classification or shelving scheme
Item type Books
Holdings
Withdrawn status Lost status Source of classification or shelving scheme Damaged status Not for loan Collection code Permanent location Current location Shelving location Date acquired Total Checkouts Full call number Barcode Date last seen Price effective from Koha item type
          Koleksioni i përgjithshem UBT - Lipjan UBT - Lipjan Koleksioni i përgjithshem 02/12/2018   612.76 jam 002-2998744 02/12/2018 02/12/2018 Books
UBT Library © 2015-2024. All rights reserved University Education for Business and Technology